guess the laufey song no hints #8 - Statistics

General Stats
  • This quiz has been taken 85 times
    32 since last reset
  • The average score is 90 of 155
Answer Stats
Answer % Correct
a
100%
A
100%
I
100%
be
93%
you
93%
the
87%
and
80%
And
80%
can
73%
for
67%
her
67%
Her
67%
like
67%
Magnolia
67%
of
67%
She
67%
could
60%
How
60%
in
60%
is
60%
just
60%
know
60%
To
60%
when
60%
wish
60%
world
60%
But
53%
doesn't
53%
girl
53%
have
53%
on
53%
that
53%
think
53%
anyone
47%
only
47%
with
47%
compete
40%
from
40%
give
40%
kiss
40%
Perfection
40%
turning
40%
Will
40%
word
40%
around
33%
away
33%
Beautiful
33%
cannot
33%
castle
33%
move
33%
Prettiest
33%
secrets
33%
send
33%
she'd
33%
sirens
33%
someday
33%
Born
27%
cloud
27%
Enchants
27%
everyone
27%
fun
27%
golden
27%
gown
27%
Handpicked
27%
into
27%
it'd
27%
lips
27%
oceans
27%
rivers
27%
skies
27%
soul
27%
straight
27%
abyss
20%
ease
20%
eyes
20%
Floats
20%
Stars
20%
town
20%
No matching quizzes found
Score Distribution
Percent of People with Each Score
Percentile by Number Answered
Your Score History
You have not taken this quiz since the last reset